Kreditní rizika ve společnosti

Prejavy a zdroje kreditného rizika. Riadenie a meranie kreditného rizika. Stanovenie hodnoty rizika metódami VaR(Value at risk ) a EaR ( Earning at risk). Predpoklady merania kreditného rizika v spoločnosti. Identifikácia faktorov, ktoré ovplyvňujú kreditné riziko.

Gespeichert in:
Bibliographische Detailangaben
1. Verfasser: Vacík, Emil
Format: Buchkapitel
Sprache:Tschechisch
Schlagworte:
Tags: Tag hinzufügen
Keine Tags, Fügen Sie das erste Tag hinzu!

MARC

LEADER 00000naa$a2200000$$$4500
001 0012082
005 20231106121504.9
041 0 |a cze 
044 |a CZ 
245 1 0 |a Kreditní rizika ve společnosti  |c aut. Emil Vacík 
520 |a Prejavy a zdroje kreditného rizika. Riadenie a meranie kreditného rizika. Stanovenie hodnoty rizika metódami VaR(Value at risk ) a EaR ( Earning at risk). Predpoklady merania kreditného rizika v spoločnosti. Identifikácia faktorov, ktoré ovplyvňujú kreditné riziko. 
610 2 0 |a riziko úverové 
610 2 0 |a metóda Value at Risk 
610 2 0 |a podnikanie 
610 2 0 |a podnik 
610 2 0 |a hodnota podniku 
610 2 0 |a hodnota pridaná ekonomická 
610 2 0 |a cash flow 
610 2 0 |a manažment 
610 2 0 |a analýza finančná 
100 1 |a Vacík, Emil